000 00842nam a2200253Ia 4500
003 OSt
005 20220923220055.0
006 a|||||r|||| 00| 0
007 ta
008 220922b |||||||| |||| 00| 0 hin d
024 _a184,027
037 _cTextual
040 _aARTS
_cARTS
_bhin
041 _2hin
_ahin
082 _aO152,1N22x, M2
100 _aगैरोला, महावीर प्रसाद
245 0 _aप्रयत्न जारी हैं
246 _aPrayatna jārī haian
260 _aदिल्ली
_b प्रभात प्रकाशन
_c1982
300 _a187 पृ.
_ccm.
650 _aहिन्दी साहित्य
_9156264
942 _hO152,1N22x, M2
_cTEXL
_2CC
999 _c337326
_d337326